Werra-Meißner-Kreis - Statistiken

Allgemein
  • Dieses Quiz wurde 47 mal gespielt
  • Das Durchschnittsergebnis liegt bei 54 aus 139
Antworten auf der Karte
Die Antworten werden auf der Karte rot bzw. grün angezeigt, abhängig davon wie oft sie richtig erraten wurden.
 
Antwortstatistiken
Group Antwort % Korrekt
Eschwege Eschwege
95%
Hessisch Lichtenau Hessisch Lichtenau
90%
Sontra Sontra
90%
Witzenhausen Witzenhausen
80%
Wanfried Wanfried
75%
Bad Sooden-Allendorf Bad Sooden-Allendorf
70%
Herleshausen Herleshausen
70%
Waldkappel Waldkappel
70%
Bad Sooden-Allendorf Weiden
70%
Wanfried Aue
65%
Eschwege Niederhone
65%
Meinhard Schwebda
65%
Sontra | Weißenborn Weißenborn
65%
Meinhard Frieda
60%
Meinhard Grebendorf
60%
Ringgau Netra
60%
Eschwege Niederdünzebach
60%
Eschwege Oberhone
60%
Wehretal Reichensachsen
60%
Meißner Weidenhausen
60%
Meißner Abterode
55%
Ringgau Datterode
55%
Neu-Eichenberg Eichenberg
55%
Eschwege Eltmannshausen
55%
Wehretal Hoheneiche
55%
Meinhard Jestädt
55%
Wehretal Langenhain
55%
Eschwege Oberdünzebach
55%
Wehretal Oetmannshausen
55%
Eschwege Albungen
50%
Waldkappel Bischhausen
50%
Berkatal Frankershausen
50%
Meißner Germerode
50%
Großalmerode Großalmerode
50%
Hessisch Lichtenau Hausen
50%
Meinhard Neuerode
50%
Eschwege Niddawitzhausen
50%
Weißenborn Rambach
50%
Sontra Ulfen
50%
Wehretal Vierbach
50%
Sontra Wichmannshausen
50%
Herleshausen Wommen
50%
Meißner Alberode
45%
Wanfried Altenburschla
45%
Wanfried Heldra
45%
Witzenhausen Kleinalmerode
45%
Herleshausen Nesselröden
45%
Bad Sooden-Allendorf Oberrieden
45%
Ringgau Rittmannshausen
45%
Ringgau Röhrda
45%
Waldkappel Schemmern
45%
Witzenhausen Unterrieden
45%
Meißner Vockerode
45%
Wanfried Völkershausen
45%
Meißner Wolfterode
45%
Sontra Wölfterode
45%
Herleshausen Altefeld
40%
Berkatal Frankenhain
40%
Witzenhausen Gertenbach
40%
Ringgau Grandenborn
40%
Meinhard Hitzelrode
40%
Bad Sooden-Allendorf Kleinvach
40%
Hessisch Lichtenau Küchen
40%
Witzenhausen Wendershausen
40%
Sontra Blankenbach
35%
Sontra Breitau
35%
Witzenhausen Dohrenbach
35%
Bad Sooden-Allendorf Ellershausen
35%
Waldkappel Gehau
35%
Berkatal Hitzerode
35%
Bad Sooden-Allendorf Kammerbach
35%
Sontra Krauthausen
35%
Großalmerode Laudenbach
35%
Bad Sooden-Allendorf Orferode
35%
Hessisch Lichtenau Walburg
35%
Meißner Wellingerode
35%
Sontra Berneburg
30%
Witzenhausen Ermschwerd
30%
Waldkappel Friemen
30%
Waldkappel Harmuthsachsen
30%
Neu-Eichenberg Hebenshausen
30%
Waldkappel Hetzerode
30%
Sontra Hornel
30%
Waldkappel Kirchhosbach
30%
Ringgau Lüderbach
30%
Meinhard Motzenrode
30%
Hessisch Lichtenau Quentel
30%
Waldkappel Rechtebach
30%
Ringgau Renda
30%
Großalmerode Rommerode
30%
Sontra Stadthosbach
30%
Großalmerode Trubenhausen
30%
Großalmerode Uengsterode
30%
Hessisch Lichtenau Velmeden
30%
Witzenhausen Werleshausen
30%
Witzenhausen Ziegenhagen
30%
Bad Sooden-Allendorf Ahrenberg
25%
Herleshausen Archfeld
25%
Witzenhausen Blickershausen
25%
Herleshausen Breitzbach
25%
Waldkappel Burghofen
25%
Bad Sooden-Allendorf Dudenrode
25%
Hessisch Lichtenau Fürstenhagen
25%
Waldkappel Hasselbach
25%
Witzenhausen Hundelshausen
25%
Kaufunger Wald Kaufunger Wald
25%
Waldkappel Rodebach
25%
Sontra Thurnhosbach
25%
Großalmerode Weißenbach
25%
Herleshausen Willershausen
25%
Neu-Eichenberg Berge
20%
Sontra Diemerode
20%
Herleshausen Frauenborn
20%
Hessisch Lichtenau Friedrichsbrück
20%
Sontra Heyerode
20%
Bad Sooden-Allendorf Hilgershausen
20%
Herleshausen Holzhausen
20%
Sontra Lindenau
20%
Sontra Mitterode
20%
Witzenhausen Neuseesen
20%
Witzenhausen Roßbach
20%
Herleshausen Unhausen
20%
Witzenhausen Ellingerode
15%
Waldkappel Eltmannsee
15%
Großalmerode Epterode
15%
Neu-Eichenberg Hermannrode
15%
Hessisch Lichtenau Hollstein
15%
Hessisch Lichtenau Hopfelde
15%
Waldkappel Mäckelsdorf
15%
Neu-Eichenberg Marzhausen
15%
Hessisch Lichtenau Reichenbach
15%
Hessisch Lichtenau Retterode
15%
Hessisch Lichtenau Wickersrode
15%
Witzenhausen Hubenrode
10%
Herleshausen Markershausen
10%
Waldkappel Stolzhausen
10%
Witzenhausen Albshausen
5%
Witzenhausen Berlepsch-Ellerode-Hübenthal
5%
Keine übereinstimmenden Quizze gefunden
Verteilung der Resultate
Anzahl Personen mit jedem Resultat
Perzentil nach korrekt beantworteten Fragen
Ihre Resultats-Entwicklung
Sie haben dieses Quiz noch nicht gespielt